000
00300nam a2200097Ia 4500
082
_a
364.1523 SUMM
245
0
_a
The suspicions of Mr Whicher : or, The murder at Road Hill House
100
_a
SUMMERSCALE, Kate London, 2009
_9
76067
942
_c
BK
008
210817s9999 xx 000 0 und d
999
_c
252339
_d
252338